Subdivision capitals closest to Kraljevo (RS) - Statistics

General Stats
  • This quiz has been taken 11 times
  • The average score is 10 of 20
Answer Stats
Distance (km) Answer % Correct
19 123 Beograd
100%
16 118 Berane
50%
14 108 Bijelo Polje
50%
17 120 Bor
50%
1 33 Čačak
50%
4 54 Jagodina
50%
8 94 Kosovska Mitrovica/Mitrovica
50%
2 37 Kragujevac
50%
3 54 Kruševac
50%
11 107 Niš
50%
18 123 Peć/Peja
50%
13 108 Petnjica
50%
15 115 Pljevlja
50%
12 107 Požarevac
50%
7 91 Prokuplje
50%
10 107 Rožaje
50%
9 106 Smederevo
50%
5 69 Užice
50%
6 88 Valjevo
50%
20 123 Mojkovac
0%
No matching quizzes found
Score Distribution
Percent of People with Each Score
Percentile by Number Answered
Your Score History
You have not taken this quiz